US States Closest to Mexico - Statistics

General Stats
  • This quiz has been taken 513 times
  • The average score is 18 of 20
Answer Stats
km State miles % Correct
0 Texas 0
99%
0 Arizona 0
98%
0 California 0
98%
0 New Mexico 0
97%
254 Nevada 158
95%
579 Colorado 360
92%
529 Louisiana 329
92%
537 Oklahoma 334
92%
958 Alabama 595
91%
619 Florida 385
91%
481 Utah 299
90%
769 Arkansas 478
89%
709 Kansas 440
89%
779 Mississippi 484
88%
1040 Georgia 646
86%
980 Missouri 609
80%
999 Nebraska 621
79%
1047 Oregon 651
77%
978 Wyoming 608
74%
1033 Idaho 642
72%
No matching quizzes found
Score Distribution
Percent of People with Each Score
Percentile by Number Answered
Your Score History
You have not taken this quiz